000 00594cab a2200193 4500
001 WB2728-22
008 090401t1991 xxu||||| |||| 00| 0 eng d
035 _a(Sirsi) u40181
041 _aeng
245 _aPlanning application fees
260 _c1991
350 _a0
490 _aDoE News Release
_vno 430 8 July 1991, 2 pages
520 _aA consultation paper invites views about the revision of the scale of fees paid by applicants for planning permission .
650 _aPLANNING AND COMPENSATION BILL
690 _aPLANNING LAW AND PRACTICE
942 _n0
948 _c04/03/1997
999 _c25740
_d25740